000 00903nam a22002657i 4500
001 IT\ICCU\SBL\0108302
003 ItRI
005 20260115232314.0
008 910930s1969 it |||||| ||||| |||||c
015 _2IT
_a6911363
040 _bita
_cimportazione bologna sebina
041 7 _aita
_2ISO-639-2
082 _a927
_9BIOGRAFIA. ARTISTI, MUSICISTI
_216
082 _a927
_9BIOGRAFIA. ARTISTI, MUSICISTI
_217
100 1 _aBaez, Joan
_0IT\ICCU\RAVV\064368
_4aut
240 1 0 _aDaybreak
_3IT\ICCU\SBL\0108303
_9Baez, Joan
245 1 0 _aSaresti imbarazzato se ti dicessi che t'amo? /
_cJoan Baez.
260 _aMilano :
_bA. Mondadori,
_c1969
300 _a131 p. ;
_c19 cm
500 _a Trad. A. Chiaruttini.
650 7 _aBaez, Joan
_xAutobiografia
_2scbi
700 1 _aChiaruttini, Aldo
_0IT\ICCU\CFIV\011044
830 2 _aL'immagine del presente ;
_v6
_0IT\ICCU\RAV\0085655
942 _2ddc
_cBK
_n0
999 _c20354
_d20354